000 00690nam a2200241 i 4500
001 C2-0271523
003 PPAK
005 20180728001458.0
008 060809s2005 my a|||| ||||| | may d
020 _a9830995968
040 _aPPAK
_beng
_cPPAK
_erda
082 0 4 _a297.352
_223
090 0 0 _a297.352
_bZAI
_dG
100 0 _aZainal Haji Bujang,
_eauthor
245 1 0 _aPanduan mengharap haji mabrur
264 1 _aKuala Lumpur :
_bAl-Hidayah Publishers ,
_c[2005]
300 _ax, 182 pages :
_billustrations ;
_c21 cm
336 _2rdacontent
_atext
337 _2rdamedia
_aunmediated
338 _2rdacarrier
_avolume
650 1 0 _aMuslim pilgrims and pilgrimages
942 _ddc
_cB
999 _c79778
_d79778